| 000 | 00405nam a2200169Ia 4500 | ||
|---|---|---|---|
| 005 | 20250411063550.0 | ||
| 008 | 240331s9999 xx 000 0 und d | ||
| 020 | _a955573559X | ||
| 082 |
_bNAS _a891 |
||
| 100 | _aNasreen,T | ||
| 245 | 0 |
_aPransa pemkatha : _bfrench lover |
|
| 250 | _a2nd | ||
| 260 |
_aNugegoda _bSarasavi Books shop _c2009 |
||
| 300 | _a433 p ., | ||
| 650 | _aFrench Novel | ||
| 942 | _cL | ||
| 999 |
_c5395 _d5395 |
||